[Event "Olympiad-40"]
[Site "Istanbul"]
[Date "2012.09.07"]
[Round "10.1"]
[White "Kasimdzhanov, Rustam"]
[Black "Topalov, Veselin"]
[Result "1-0"]
[WhiteElo "2684"]
[BlackElo "2752"]
[Annotator "Krasenkow,M"]
[PlyCount "45"]
[EventDate "2012.08.28"]
[EventType "team-swiss"]
[EventRounds "11"]
[EventCountry "TUR"]
[SourceTitle "CBM 151"]
[Source "ChessBase"]
[SourceDate "2012.11.13"]
[SourceVersion "1"]
[SourceVersionDate "2012.11.13"]
[SourceQuality "1"]
[WhiteTeam "Uzbekistan"]
[BlackTeam "Bulgaria"]
[WhiteTeamCountry "UZB"]
[BlackTeamCountry "BUL"]

1. d4 Nf6 2. c4 e6 3. Nf3 d5 4. Nc3 Be7 5. Bf4 O-O 6. e3 Nbd7 7. Be2 dxc4 8.
O-O {For this line - see the survey by GM E.Postny in CBM 146 and annotations
to Giri - Aronian in CBM 147.} c5 9. dxc5 Nxc5 10. Bxc4 Bd7 $146 {This novelty
didn't work well in the present game.} ({GM Veselin Topalov did better in two
later games, in which he played} 10... Qxd1 11. Rfxd1 b6 12. Nd4 Bb7 13. Rac1 (
13. Be2 a6 14. Bf3 Bxf3 15. Nxf3 b5 16. Rd4 Rfd8 17. Rad1 Rxd4 18. Rxd4 Rc8 $11
{1/2 Grachev,B (2672)-Harikrishna,P (2688)/Muelheim GER 2012/The Week in Chess
937 (24)}) 13... a6 14. b4 Nce4 15. Nxe4 Bxe4 16. a3 a5 (16... Rfc8 17. f3 Bd5
18. Be2 Bb7 19. e4 h6 20. Be3 a5 21. Rxc8+ Rxc8 22. bxa5 bxa5 23. Rb1 Ba8 24.
a4 Bb4 25. Kf1 e5 26. Nb3 Nd7 27. Rd1 Bc6 28. Rc1 Kf8 29. Ba6 Rc7 30. Bb7 Bb5+
31. axb5 Rxb7 $11 {1/2 Gelfand,B (2738)-Topalov,V (2752)/London ENG 2012/The
Week in Chess 933 (36)}) 17. f3 Bd5 18. e4 Bxc4 19. Rxc4 axb4 20. axb4 Rfc8 21.
Rdc1 Rxc4 22. Rxc4 h6 23. Kf1 Kf8 24. Nc6 b5 25. Rd4 Ra6 26. Nxe7 Kxe7 $11 {
0-1 Giri,A (2730)-Topalov,V (2752)/London ENG 2012/The Week in Chess 935 (52)})
(10... a6 {continues to be an important topic. White apparently keeps some
pressure. Here are some of this year's games:} 11. Ne5 (11. Qxd8 Rxd8 12. Bc7
Re8 13. b4 Nce4 14. Nxe4 Nxe4 15. Bd3 Nc3 16. a3 Nd5 17. Rac1 Nxc7 18. Rxc7 Bd6
19. Rc3 Rd8 20. Rd1 Kf8 21. Bc2 Ke7 $11 {1/2 Rajlich,I (2412)-Pokorna,R (2353)/
Istanbul TUR 2012/The Week in Chess 930 (52)}) 11... Ncd7 (11... Qxd1 12. Rfxd1
Rd8 13. Be2 Nd5 14. Nxd5 exd5 15. Nf3 Bg4 16. Bc7 Rdc8 17. Be5 f6 18. Bd4 Ne4
19. h3 Bh5 20. g4 Bf7 21. Ne1 Rc6 22. Rac1 Rac8 23. Rxc6 Rxc6 24. Bd3 h5 25.
Bb1 hxg4 26. hxg4 Nd6 27. a3 Nb5 $11 {1/2 Mista,A (2538)-Grabarczyk,M (2445)/
Warsaw POL 2012/The Week in Chess 913 (54)}) 12. Be2 Nxe5 13. Qxd8 (13. Bxe5
Qa5 14. Bg3 Bd7 15. Bf3 Rad8 16. Qb3 b5 17. Rfc1 Rc8 18. Ne2 Rxc1+ 19. Rxc1 Rc8
$11 {1/2 Fressinet,L (2693)-Matlakov,M (2632)/Plovdiv 2012/CBM 148 (60)}) 13...
Rxd8 14. Bxe5 Nd5 (14... b5 $5 15. Bf3 Ra7) 15. Bf3 Nxc3 16. Bxc3 a5 17. Rfd1
f6 18. Rxd8+ Bxd8 19. Rd1 Bc7 20. h4 Kf8 21. h5 $14 {1-0 Wojtaszek,R (2706)
-Mista,A (2587)/Warsaw POL 2012/The Week in Chess 902 (46)}) 11. Ne5 Be8 12.
Be2 {[%cal Ye2f3][%mdl 32]} Rc8 (12... Nfe4 $5 13. Nxe4 Nxe4 14. Qc2 Nd6 15.
Rfd1 Qb6) 13. Rc1 h6 $6 ({Here, too, Black should have tried to release
pressure by means of} 13... Nce4 14. Nxe4 Nxe4 {as} 15. Rxc8 Qxc8 16. Qd4 f5
17. Qxa7 $2 {doesn't work due to} g5 18. Bg3 Bc5 19. Rc1 f4) 14. h3 Qxd1 {
In the endgame Black quickly gets out of moves but it is hard to give him good
advice.} ({in the event of} 14... Nce4 15. Nxe4 Nxe4 16. Rxc8 Qxc8 17. Qd4 {
is already strong for White.}) 15. Rfxd1 g5 16. Bg3 Kg7 17. Bf3 b6 ({Maybe
something like} 17... h5 {but after} 18. Ne2 (18. b4 {is not deadly yet due to}
Na4 19. Nxa4 Bxa4 20. Bxb7 $2 Rb8) 18... h4 19. Bh2 Bb5 20. Nd4 a6 21. b3 {
Black's position is quite poor.}) 18. Ne2 $1 {[%cal Ye2d4,Rb2b4]} Rd8 (18...
Bb5 {now allows an invasion of c6:} 19. Nd4 a6 20. Nxb5 axb5 21. Nc6) (18... h5
{was equally hopeless due to} 19. b4 (19. Nd4 g4 20. hxg4 hxg4 21. Bxg4 Nxg4
22. Nxg4 a5 23. Ne5) 19... Ba4 20. bxc5 Bxd1 21. Rxd1 Rxc5 22. Nd4) 19. Nd4 a5
20. Nc4 $1 {[%csl Rb6,Gc4,Gd4]} Nfe4 21. Be5+ Bf6 (21... Kg8 22. Bc7) 22. Bxe4
Nxe4 23. Nxe6+ {A classic positional game by Rustam Kasimdzhanov!} 1-0

[Event "Olympiad-39"]
[Site "Khanty-Mansiysk"]
[Date "2010.10.01"]
[Round "10.2"]
[White "Grischuk, Alexander"]
[Black "Wang, Hao"]
[Result "1-0"]
[WhiteElo "2760"]
[BlackElo "2724"]
[Annotator "Krasenkow,M"]
[PlyCount "123"]
[EventDate "2010.09.21"]
[EventType "team-swiss"]
[EventRounds "11"]
[EventCountry "RUS"]
[SourceTitle "CBM 139"]
[Source "ChessBase"]
[SourceDate "2010.11.18"]
[SourceVersion "1"]
[SourceVersionDate "2010.11.18"]
[SourceQuality "1"]
[WhiteTeam "Russia"]
[BlackTeam "China"]
[WhiteTeamCountry "RUS"]
[BlackTeamCountry "CHN"]

1. d4 Nf6 2. c4 e6 3. Nf3 d5 4. Nc3 Be7 5. Bf4 O-O 6. e3 Nbd7 7. c5 c6 8. b4 b6
9. h3 a5 10. a3 Bb7 11. Bd3 Qc8 {This line has gained popularity. It was
examined in CBM 132, annotations to Kasimdzhanov - Jakovenko; a good deal of
games played after that will be quoted here. Black doesn't hurry with ...Ba6,
first protecting the important c6 square and thus avoiding b4-b5 and c5-c6.}
12. O-O (12. Na4 $5 axb4 13. axb4 Ba6 14. O-O Qb7 15. cxb6 Bxd3 (15... Bxb4 16.
Bxa6 Rxa6 17. Qb3 Be7 18. Ne5 Rfa8 19. Nxd7 Nxd7 20. Bc7 Ra5 21. Rfc1 Bd8 $2 (
21... g6 {looks safe}) 22. Bxd8 Rxd8 23. Qc3 Rb5 24. Nc5 $16 {1-0 Edouard,R 
(2608)-Lemos,D (2556)/Cappelle la Grande FRA 2010/The Week in Chess 798 (33)})
16. Qxd3 Nxb6 17. Nc5 Bxc5 18. bxc5 Nc4 19. Ne5 Nxe5 20. Bxe5 Nd7 21. Bd6 Rxa1
22. Rxa1 Ra8 23. Rb1 Qc8 {, and White failed to find a breakthrough:} 24. Kh2
h6 25. Rb2 Ra7 26. f3 Qa8 27. Rb3 Qc8 28. e4 Qa6 29. exd5 exd5 30. Qe3 Qc8 31.
Qe7 Ra8 32. Re3 Nf8 33. Qxf8+ {1/2 Riazantsev,A (2660)-Bologan,V (2684)/France
2010/CBM 135 Extra}) 12... Ba6 13. Rb1 {Avoiding simplifications.} (13. Bh2 Qb7
(13... Bxd3 14. Qxd3 axb4 15. axb4 Qb7 16. Rfb1 Rxa1 17. Rxa1 Ra8 18. Qb1 Bd8
19. Rxa8 Qxa8 20. Qa2 Qxa2 {1/2 Gagunashvili,M (2564)-Moradiabadi,E (2547)/
Ravana 2009/EXT 2010}) 14. Qc2 Bxd3 15. Qxd3 {1-0 Evdokimov,A (2564)-Lekic,D 
(2396)/Rijeka 2010/CBM 136 (33)} axb4 16. axb4 Rxa1 17. Rxa1 Ra8 $11) (13. Bxa6
Qxa6 14. Rb1 Rfc8 15. Qc2 Bd8 16. Rfc1 axb4 17. axb4 Qb7 18. Nd2 Bc7 19. Bxc7
Qxc7 20. cxb6 Nxb6 21. Ne2 Ne8 22. Ra1 Rxa1 23. Rxa1 Nd6 $11 {1/2 Delchev,A 
(2625)-Svetushkin,D (2554)/Rijeka 2010/CBM 136 (54)}) (13. Qe2 Bxd3 (13... Ne4
14. Qc2 Nxc3 15. Qxc3 Bxd3 16. Qxd3 {1/2 Panarin,M (2532)-Elizarov,D (2341)/
Armavir 2010/CBM 135 Extra}) 14. Qxd3 Qb7 15. Rfb1 (15. Nd2 axb4 (15... Ra7 16.
Rab1 axb4 17. axb4 Rfa8 18. Nb3 Ra3 19. Qc2 Bd8 20. b5 Be7 21. Rfc1 h6 22. Qd1
bxc5 23. Nxc5 Nxc5 24. dxc5 R3a5 $11 {1/2 Eljanov,P (2751)-Jakovenko,D (2725)/
Odessa 2010/CBM 136 Extra (50)}) 16. axb4 Rxa1 17. Rxa1 Ra8 18. Qb1 Rxa1 19.
Qxa1 bxc5 20. bxc5 e5 $1 21. dxe5 Ne8 22. e4 Nxc5 23. exd5 cxd5 24. Nf3 Nc7 25.
Be3 N5e6 $11 {1/2 Fier,A (2601)-Onischuk,A (2670)/Bursa 2010/CBM 134 (31)}) (
15. Rfc1 Rfc8 16. Nd2 h6 17. Rcb1 axb4 18. axb4 Bd8 19. Na4 Bc7 20. Bxc7 Qxc7
21. cxb6 Nxb6 22. Nc5 Ne8 23. b5 Nd6 24. bxc6 Qxc6 $11 {1/2 Mozharov,M (2474)
-Rychagov,A (2551)/Moscow 2010/CBM 137 (33)}) 15... axb4 (15... Ra7 16. Nd2
Rfa8 17. Qf1 h6 18. Qc1 Bd8 19. Nb3 axb4 20. axb4 Rxa1 21. Nxa1 Ne8 22. Nc2 Bc7
23. Bxc7 Nxc7 24. Ra1 Rxa1 25. Qxa1 bxc5 26. bxc5 e5 $11 {1/2 Riazantsev,A 
(2661)-Jakovenko,D (2736)/Moscow 2009/CBM 134 (30)}) 16. axb4 Rxa1 17. Rxa1 Ra8
18. Qb1 Bd8 (18... Rxa1 19. Qxa1 Ne4 $6 20. Nxe4 dxe4 21. Nd2 f5 22. Qa2 Kf7
23. f3 exf3 24. Nxf3 bxc5 25. bxc5 h6 26. g4 $36 {1-0 Postny,E (2595)-Hracek,Z
(2633)/Sibenik CRO 2010/The Week in Chess 827 (51)}) 19. Ra2 Ne8 20. Qa1 Rxa2
21. Qxa2 Bc7 22. Bxc7 Nxc7 23. Qa4 {1/2 Khalifman,A (2612)-Karpov,A (2644)/
Zuerich 2009/CBM 131 Extra}) 13... Bxd3 (13... Bd8 14. Bxa6 Qxa6 $6 15. b5 Qc8
16. bxc6 Qxc6 17. Qa4 Rc8 18. Bd6 Re8 19. Rfc1 bxc5 20. dxc5 Be7 21. Qxc6 Rxc6
22. Nd4 Rcc8 23. Ncb5 $16 Ne4 24. Bxe7 Rxe7 25. Nd6 $1 {1-0 Dreev,A (2649)
-Kovachev,D (2305)/Plovdiv BUL 2010/The Week in Chess 833}) 14. Qxd3 Qb7 15.
Qc2 {White choses to bring his knight to d3. The other plan was to bring it to
b3:} (15. Nd2 Ra7 16. Rfc1 axb4 17. axb4 Rfa8 18. Nb3 b5 $6 (18... Bd8) (18...
Ra3) 19. Na5 $1 Qc8 20. Nxc6 $1 {A typical piece sacrifice in this structure.}
Qxc6 21. Nxb5 Rb7 22. Nc7 Rxc7 23. b5 Qb7 24. c6 Qc8 25. Bxc7 Qxc7 26. cxd7
Qxd7 27. b6 $16 {1-0 Zhou Weiqi (2563)-Ji Dan (2342)/Xinghua Jiangsu 2009/CBM
131 (32)}) 15... axb4 16. axb4 h6 17. Rfc1 Rfc8 18. Ne1 Ra3 (18... Bd8 19. Nd3
b5 20. g4 Ra6 21. f3 Rca8 (21... Bc7 $5) 22. h4 Nh7 23. Qh2 Ndf8 24. Bg3 {
Van Wely is planning the advance g4-g5 and so he does not want to be provoked
into the premature h4-h5. Van Wely plant den Vorstoß g4-g5, deswegen will er
sich nicht zum frühzeitigen h4-h5 provozieren lassen.} Ra3 $11 {1-0 Van Wely,L
(2654)-Halkias,S (2546)/Plovdiv 2003/CBM 098/[Dautov] (57)}) 19. Nd3 Qa8 $6 {
A strange move, after which White can regain the a-file.} (19... Rca8 $142) 20.
Qb2 {[%cal Rb1a1]} Ne4 21. Ra1 $6 (21. Nxe4 $142 dxe4 22. Ne5 Nxe5 (22... Ra2
23. Qc3 Ra3 (23... Nf6 24. cxb6 Nd5 25. Qb3 Nxb6 26. Rxc6) 24. Qc2) 23. Bxe5 {
[%csl Re4] , and the pawn structure changes in White's favour.}) 21... Rxa1 22.
Rxa1 Qb7 23. Nd1 (23. Nxe4 dxe4 24. Ne5 Nxe5 25. Bxe5 f6 26. Bg3 bxc5 27. dxc5
Bxc5 28. Qa2 Bxb4 29. Qxe6+ Kh8 30. Qxe4 Qe7 {, and Black should hold on.}) (
23. cxb6 $5 Qxb6 24. Qa3 Nxc3 25. Qxc3 $14 {[%csl Rc6,Gd3]}) 23... Ra8 24. Ra2
Rxa2 25. Qxa2 bxc5 26. bxc5 Qb5 27. Qc2 {A typical position. It looks like
Black has no problems but still he should be accurate in view of the potential
weakness of his c6-pawn.} Bd8 $6 {Careless!} ({The curious tactical trick} 
27... e5 $5 28. Nxe5 (28. Bxe5 Qc4 $1 29. Qxc4 dxc4 30. Nb4 Nxe5 31. dxe5 Bxc5
32. Nc2 $13) 28... Nxe5 29. Bxe5 Qa5 30. Qd3 (30. Qe2 Qa1 {[%cal Re4c3,Re4c5]})
30... Qe1+ 31. Qf1 Qd2 $44 {is probably beyond human imagination.}) (27... Bh4
$5 28. f3 (28. g3 Bf6 {[%csl Rf4]}) 28... Ng3) 28. f3 Nef6 29. N1b2 Ba5 30. Qa4
$1 {White's plan is to exchange queens and bishops. In the knight endgame the
weakness on c6 will become visible.} Qxa4 31. Nxa4 {[%mdl 4096]} Kf8 32. Nc1
Ne8 33. Nb3 Bc7 (33... Bd8 34. Nb2 {[%cal Yb2d3,Yd3b4] - Black will not be
able to avoid the bishop exchange anyway.}) (33... Bb4 34. Nb6 $1 Ndf6 35. Kf2
$16 {[%cal Yb3c1,Yc1d3,Yd3e5]}) 34. Bxc7 Nxc7 35. Na5 Nb8 36. Nb2 Ke7 37. Nd3
f6 38. Kf2 {White is now ready to open the "second front" in the centre and on
the kingside. As Black's king and Nb8 are tied to the c6-pawn, and his only
"free" piece (Nc7) is badly restricted, it turns out that his defence is not
so easy.} Kd7 39. e4 Nb5 40. Ke3 Na6 41. e5 $1 f5 42. g4 $1 fxg4 (42... g5 $5
43. f4 $5 (43. gxf5 exf5 44. e6+ Kxe6 45. Nxc6 $14 {[%csl Gc5]}) 43... gxf4+
44. Nxf4 fxg4 45. hxg4 Nb4 $132) 43. hxg4 g5 44. Nb3 Na3 45. f4 Nc4+ $6 {
The knight has nothing to do here.} (45... gxf4+ 46. Kxf4 Nc2 $1 {is
apparently enough for a draw as after} 47. Kg3 Ke7 48. Kh4 Kf7 49. Kh5 Kg7 50.
g5 hxg5 51. Kxg5 Kf7 52. Kh6 {Black is not in zugzwang:} Nc7) 46. Kf3 gxf4 47.
Kxf4 Ke7 48. Kg3 Kf7 $6 {And now it's a different story. Now Black's Nc4 is a
mere defender of the a5-square, and zugzwang is a real threat. The reciprocal
zugzwang arises with Kh5 - Kg7, and, taking into account the other factors,
h4-f7 is a pair of "mined" squares, too...} (48... Kf8 $1 {was right:} 49. Kh4
Kf7 $1 50. Kh5 Kg7 $22 51. Nf4 (51. g5 hxg5 52. Kxg5 Kf7 53. Kh6 Ne3 $1 54. Kh7
$6 Nf5) 51... Nc7 52. Ng6 Nb5 53. Ne7 Na7 {, and White can't make any progress}
) (48... Ke8 $144 $1) 49. Kh4 Kg6 $2 (49... Kg7 50. Kh5 $22 Kh7 51. Nf4 Nc7 52.
Ng6 $1 {[%cal Rg6e7]} Nb5 53. Nf8+ $18 {[%csl Rh7]}) (49... Kg8 $1 {still gave
Black drawing chances:} 50. Nf4 Nc7 51. Ng6 $1 {[%cal Rg6e7]} (51. Kh5 $4 Kg7
$22) 51... Kf7 52. Kh5 Ne3 53. Na5 Nb5 (53... Nxg4 $5 54. Nh8+ (54. Nxc6 Nh2
55. Kxh6 Nf3) 54... Kg7 55. Kxg4 Kxh8 56. Nxc6 Kg7 {is not that clear, too.})
54. Nxc6 Ke8 55. Kxh6 Nxg4+ 56. Kg5 Ne3 57. Kf6 Kd7 58. Nb4 Nxd4 59. Kf7 {
- Black may manage to give up his two knights for the white pawns and avoid
the "Troitzky line" in the resulting 2N vs P ending.}) (49... Kf8 $144 $1 50.
Nf4 Nc7 51. Ng6+ $1) 50. Nf4+ Kf7 51. Nd3 $2 (51. Kh5) 51... Kg6 $2 (51... Kg8
$1) 52. Nf4+ Kf7 53. Kh5 Ne3 $8 54. Nd3 $1 Nb8 (54... Kg7 55. Na5 Nb8 56. Nb4
$18) 55. Na5 {[%cal Rd3b4]} Nc2 $8 56. Nb3 (56. Kxh6 $5 Nxd4 57. Nb4 $22 {
but White finds a more convincing way.}) 56... Ne3 57. Nb4 $1 {[%cal Rb3a5]}
Ke7 58. Na5 Kd7 59. Nd3 $1 Ke7 60. Nb4 Kd7 61. Nd3 Ke7 62. Nf2 $1 {The h6-pawn
falls, and the g4-pawn moves forward.} 1-0

[Event "Reggio Emilia 54th"]
[Site "Reggio Emilia"]
[Date "2011.12.27"]
[Round "1"]
[White "Vitiugov, Nikita"]
[Black "Nakamura, Hikaru"]
[Result "0-1"]
[WhiteElo "2729"]
[BlackElo "2758"]
[Annotator "Krasenkow,M"]
[PlyCount "76"]
[EventDate "2011.12.27"]
[EventType "tourn"]
[EventRounds "10"]
[EventCountry "ITA"]
[EventCategory "20"]
[SourceTitle "CBM 146"]
[Source "ChessBase"]
[SourceDate "2012.01.18"]
[SourceVersion "1"]
[SourceVersionDate "2012.01.18"]
[SourceQuality "1"]

1. d4 d5 2. c4 e6 3. Nc3 Be7 4. Nf3 Nf6 5. Bf4 O-O 6. e3 Nbd7 7. Be2 {A
harmless continuation.} c5 (7... dxc4 {(the most common move) looks more
logical to me. There is no need for Black to suffer with an isolated pawn.}) 8.
cxd5 (8. dxc5 Nxc5 9. cxd5 Nxd5 10. Nxd5 {gives Black an additional option of}
Qxd5 $5 11. Qxd5 exd5 {, e.g.} 12. O-O Be6 13. Be5 Rac8 14. Rfc1 Ne4 15. Nd4
Nd6 16. b3 a6 17. Bf3 Ne4 18. Nxe6 fxe6 19. Bxe4 dxe4 20. g4 Ba3 21. Rxc8 Rxc8
22. Rd1 Rc1 $11 {1/2 Malakhatko,V (2557)-Del Rio Angelis,S (2489)/Leon 2001/
CBM 086 (54)}) 8... Nxd5 (8... exd5 9. O-O a6 10. Ne5 cxd4 11. Nxd7 Bxd7 12.
Qxd4 Be6 13. Rfd1 Rc8 14. a3 Qd7 15. Be5 Rfd8 16. h3 b5 17. Qf4 Qb7 18. Qg3 $14
{1/2 Ibragimov,I (2554)-Shabalov,A (2566)/Bad Wiessee 1999/EXT 2001 (36)}) 9.
Nxd5 exd5 10. O-O (10. dxc5 $142 Nxc5 11. Be5 {This position usually arises in
the 5...c5 6.dxc5 Na6 7.e3 Nxc5 line. White keeps a small plus. Here is a
recent example:} Be6 12. O-O Bf6 13. Bxf6 Qxf6 14. Qd4 Qxd4 15. Nxd4 Rfc8 16.
Rad1 Kf8 17. g4 a6 18. f3 Rc7 19. Rd2 Rac8 20. Bd1 Bd7 21. Re1 g6 22. Kf2 a5
23. h3 Na4 24. Be2 Nb6 25. b3 a4 26. Red1 axb3 27. axb3 Ra8 28. f4 Nc8 29. Bf3
Ne7 30. Rb2 Ra6 31. Rdd2 Rb6 32. Ra2 Rc3 33. Ra8+ Kg7 34. Rd8 Be6 35. Re8 Rc7
36. Ra2 $14 {1/2 Nisipeanu,L (2659)-Le Roux,J (2523)/Mulhouse FRA 2011/The
Week in Chess 864 (65)}) 10... c4 $1 $146 {[%mdl 8] Black immediately takes a
chance to avoid the position with the isolated pawn.} (10... Qb6 11. Qc2 Nf6
12. Rfc1 c4 13. b3 cxb3 14. Qxb3 Qxb3 15. axb3 Ne4 16. Bd3 f6 17. Rc7 (17. Bxe4
dxe4 18. Nd2 $14 Bf5 $140 19. Rc7 Bb4 20. Nc4) 17... Bd8 18. Rc2 Be6 19. b4 g5
20. Bc7 Be7 21. b5 Rfc8 $132 {0-1 Diamant,A (2497)-Akobian,V (2628)/Bursa 2010/
CBM 134 (38)}) (10... a6 11. dxc5 (11. Qc2 c4 12. a4 Bb4 13. Ng5 Nf6 14. Be5 g6
15. e4 h6 16. Bxf6 Qxf6 17. Nf3 Be6 18. Ne5 Rfd8 $11 {1/2 Yermolinsky,A (2617)
-Zilberstein,D (2424)/Reno 2004/EXT 2009 (51)}) 11... Nxc5 12. Nd4 (12. Be5
$142) 12... Bf6 13. Bf3 Ne6 14. Nxe6 Bxe6 15. Qb3 Qd7 16. Rfd1 Rfd8 17. Rac1
Rac8 18. h3 Rc6 19. Rxc6 Qxc6 $11 {1/2 Tregubov,P (2620)-Karpov,A (2699)/Cap
d'Agde 2000/CBM 080 (29)}) 11. b3 Nb6 12. bxc4 dxc4 {[%mdl 32] A typical
question in such positions: is the c4-pawn strong or weak? I think, rather
strong as it is not being successfully blockaded.} 13. Qc2 Be6 14. Rab1 Rc8 15.
a4 a5 16. Ng5 $1 Bxg5 17. Bxg5 f6 18. Bh4 c3 19. Bd3 h6 20. Bb5 $2 {White
underestimates the danger created by Black's passed pawn. Black now prepares
its further advance, with great effect.} (20. Rfc1 $142 {although Black has
good counterchances after, say,} Nd5 (20... Rf7 $5) 21. Rxb7 Nb4 22. Qb1 Qd5
23. Be4 Qa2) 20... Nd5 {[%cal Yd5b4,Yc3c2]} 21. Qe4 Qd6 {This strange loss of
a tempo doesn't harm Black too much.} (21... Qe7 $142 $17 {[%cal Yd5b4]}) 22.
Bg3 Qe7 23. Rbc1 Nb4 24. d5 {White tries to activate his rooks at the cost of
this pawn.} Nxd5 25. Rfd1 Rfd8 26. Rd4 f5 27. Qe5 Qf6 28. Qxf6 gxf6 29. h3 Kf7
30. Bc4 Ke7 31. e4 $6 {Leads to a hopeless endgame but Black should win anyway,
e.g.} (31. Kh2 c2 $1 32. Rxc2 Nb4 33. Rxd8 Rxd8 34. Bxe6 Nxc2 35. Bxf5 Rd2 36.
Be4 Nb4 37. Bxb7 Ra2 {etc.}) 31... Nf4 $1 {[%mdl 64]} 32. Rxd8 Rxc4 $1 {
[%cal Rf4e2,Re7d8]} 33. Bxf4 Kxd8 34. exf5 Bxf5 35. Be3 (35. Bxh6 c2 {[%cal
Yc4a4] , and Black's queenside pawns decide the game.}) 35... c2 36. g4 Be4 37.
Bb6+ Kd7 38. Bxa5 Rd4 0-1